| 000 | 01485cam a22004097a 4500 | ||
|---|---|---|---|
| 003 | CHAP | ||
| 005 | 20220329142335.0 | ||
| 008 | 000817d2000 mx r 00110 spa d | ||
| 010 | _a82006 | ||
| 011 | _a82978 | ||
| 035 | _a93486 | ||
| 040 | _cCHAP | ||
| 090 | _aFolleto 16020 | ||
| 100 | 0 | 0 |
_aRodríguez Betancourt, Rómulo. _998329 |
| 245 | 1 | 3 |
_aEl manejo de los recursos hídricos en Venezuela _c/por Rómulo Rodríguez Betancourt y Julio González Aguirre |
| 260 |
_aMéxico, D. F. : _bInstituto Internacional del Manejo del Agua, _c2000. |
||
| 300 | _a40 p. | ||
| 410 | _aInstituto Internacional del Manejo del Agua | ||
| 490 | 0 |
_aSerie latinoamericana _v; 18 |
|
| 590 |
_aBATCH-UPD _b10 _c20130110 _lUCH01 _h0055 |
||
| 590 |
_aBATCH-UPD _b10 _c20130110 _lUCH01 _h0614 |
||
| 590 |
_aBATCH-UPD _b10 _c20130409 _lUCH01 _h2043 |
||
| 590 |
_aBATCH-UPD _b10 _c20130410 _lUCH01 _h0423 |
||
| 590 |
_aBATCH-UPD _b10 _c20130914 _lUCH01 _h0306 |
||
| 590 |
_aBATCH-UPD _b10 _c20141001 _lUCH01 _h1312 |
||
| 590 |
_aCONVERSION _b10 _c20130109 _lUCH01 _h1346 |
||
| 650 | 1 | 4 |
_aAgua _xAbastecimiento. _92223 |
| 650 | 1 | 4 |
_aAgua _xUtilización. _92401 |
| 650 | 1 | 4 |
_aRecursos hidráulicos _xVenezuela. _995129 |
| 700 | 0 |
_aGonzález Aguirre, Julio. _948658 |
|
| 810 | 0 | 0 |
_aInstituto Internacional del Manejo del Agua _959236 |
| 830 | 0 | 0 |
_aSerie latinoamericana _v; 18 _9104944 |
| 901 | _aBK | ||
| 905 | _aLilia Sánchez G. | ||
| 942 | _cFOLL | ||
| 949 |
_aFolleto 16020 _bBC _cFOLL _d934861 _eTS1 _i93486 _sb |
||
| 999 |
_c82006 _d82006 |
||